00359nam a2200133Ia 45000030006000000080041000060400015000471000020000622450065000822600043001473000006001905460012001960050017002080STCL150530s9999 xx 000 0 und d aSTCLcSTCL aPalanichamy, S. aJournal of Ecotoxicology and Environmental Monitoring : July bPalani Paramount; Palanic2006aPalani a0 aEnglish20220125165915.0